| 000 | 01016cam a2200301 a 4500 | ||
|---|---|---|---|
| 005 | 20260322212007.0 | ||
| 008 | data | ||
| 010 | _a 97080951 | ||
| 020 | _a0028621654 (pbk.) | ||
| 020 | _a9780028621654 (pbk.) | ||
| 040 |
_aMiWaOW _cMiWaOW _dDLC _dDLC |
||
| 042 | _alccopycat | ||
| 050 | 0 | 4 |
_aRA413 _b.K67 1998 |
| 082 | 0 | 0 |
_a362.1/04258 _221 |
| 092 | _a362.1 K67 1998 | ||
| 100 | 1 |
_aKorczyk, Sophie M., _d1948- |
|
| 245 | 1 | 4 |
_aThe complete idiot's guide to managed health care / _cSophie M. Korczyk & Hazel A. Witte. |
| 246 | 3 | _aComplete idiot's guide | |
| 246 | 3 | 0 | _aGuide to managed health care |
| 246 | 1 | 0 | _aManaged health care. |
| 260 |
_aNew York, NY : _bAlpha Books, _cc1998. |
||
| 300 |
_axx, 300 p. : _bill. ; _c24 cm. |
||
| 504 | _aIncludes bibliographical references (p. 290-292) and index. | ||
| 650 | 0 |
_aManaged care plans (Medical care) _xManagement. |
|
| 700 | 1 | _aWitte, Hazel A. | |
| 856 | 4 | 2 |
_3Publisher description _uhttp://www.loc.gov/catdir/enhancements/fy0716/97080951-d.html |
| 001 | data | ||
| 999 |
_c116 _d116 |
||